TV Shows Abroad (1970s) Quiz Stats

 Plays Quiz Updated Jun 21, 2016

Challenge
Share
Tweet
Embed
Score 0/15 Timer 04:00
0 Plays Today
% Correct
Little House on the Prairie
91.5%
The Brady Bunch
91.3%
The Six Million Dollar Man
89.9%
Mork & Mindy
89.1%
The Partridge Family
89%
Emergency!
87%
All in the Family
86.8%
The Mary Tyler Moore Show
82.8%
% Correct
The Odd Couple
61.9%
Charlie's Angels
55.5%
Welcome Back, Kotter
52%
Maude
51.3%
Alice
45.6%
Kojak
43.9%
Soap
42%

You're not logged in!

Compare scores with friends on all Sporcle quizzes.
Join for Free
OR
Log In

You Might Also Like...

Show Comments

Extras

Top Quizzes Today


Score Distribution

Your Account Isn't Verified!

In order to create a playlist on Sporcle, you need to verify the email address you used during registration. Go to your Sporcle Settings to finish the process.

Report this User

Report this user for behavior that violates our Community Guidelines.

Details: